01207nam a22003377a 4500003000500000005001700005008004100022010001000063011001000073035001000083040000900093082002200102100002900124245007400153250001000227260005200237300003100289590004100320590004100361590004100402590004100443590004200484650002700526700002600553700003000579901000700609942001000616949007200626999001700698952015400715CHAP20220329140841.0971013s1981 r 00010 d a58608 a59580 a63739 cCHAP a574.876bS83 198100aSwanson, Carl P.9110864 aCytogeneticsb: the chromosome in division, inheritance and evolution a2 ed. aEnglewood Cliffs, N. J. :bPrentice-Hall,c1981 a577 p.b: ilus. ; gráfs. aBATCH-UPDb10c20130109lUCH01h2355 aBATCH-UPDb10c20130110lUCH01h0658 aBATCH-UPDb10c20130409lUCH01h1928 aBATCH-UPDb10c20130914lUCH01h0942 aCONVERSIONb10c20130109lUCH01h133114aCitogenética.9234850 aMorz, Timothy.9789810 aYoung, William J.9123241 aBK cLIBRO a574.876 S83 1981bBCcLIBROd33724000474037eLIBROh55696i63739si c58608d58608 00102ddc4052708GRALaBCbBCcPA_GRALd2019-12-31fLIBROl1o574.876 S83 1981p33724000474037r2024-11-07 16:40:44s2024-10-23w2019-12-31yLIBRO